[Event "Stare Mesto op"]
[Site "Stare Mesto"]
[Date "2019.08.17"]
[Round "1"]
[White "Trcalek, David"]
[Black "Hradecky, Ivo"]
[Result "0-1"]
[WhiteElo "1756"]
[BlackElo "2042"]
[PlyCount "74"]
[EventDate "2019.08.17"]
[EventType "swiss"]
[EventRounds "9"]
[EventCountry "CZE"]
[SourceTitle "EXT 2020"]
[Source "ChessBase"]
[SourceDate "2019.10.17"]
[SourceVersion "1"]
[SourceVersionDate "2019.10.17"]
[SourceQuality "1"]

1. e4 e6 2. d4 d5 3. Nd2 Be7 4. Ngf3 Nf6 5. Bd3 c5 6. exd5 Qxd5 7. dxc5 Nbd7 8. 0-0 Nxc5 9. Bc4 Qd6 10. Qe2 0-0 11. Ne5 b6 12. Ndf3 Bb7 13. Rd1 Nd5 14. Bxd5 Bxd5 15. Bf4 Rfd8 16. b3 Qc7 17. Nd4 Qb7 18. Qg4 f6 19. Bh6 Bf8 20. Nef3 f5 21. Qg3 Ne4 22. Qh4 gxh6 23. Nxe6 Rd6 24. Nxf8 Rxf8 25. c4 Bc6 26. Rxd6 Nxd6 27. Nd4 Qg7 28. g3 f4 29. Rd1 fxg3 30. hxg3 Nf5 31. Nxf5 Rxf5 32. Rd8+ Rf8 33. Rxf8+ Kxf8 34. Qf4+ Kg8 35. Qb8+ Qf8 36. Qxa7 Qe8 37. Kf1 Bf3 0-1

[Event "CZE-chT2A 1819"]
[Site "Czech Republic"]
[Date "2019.03.17"]
[Round "10.6"]
[White "Hradecky, Ivo"]
[Black "Janeba, Petr"]
[Result "1/2-1/2"]
[WhiteElo "2111"]
[BlackElo "1834"]
[PlyCount "44"]
[EventDate "2018.10.14"]
[EventType "team-tourn"]
[EventRounds "11"]
[EventCountry "CZE"]
[SourceTitle "EXT 2022"]
[Source "ChessBase"]
[SourceDate "2021.10.06"]
[SourceVersion "1"]
[SourceVersionDate "2021.10.06"]
[SourceQuality "1"]
[WhiteTeam "Vlasim"]
[BlackTeam "Strakonice"]
[WhiteTeamCountry "CZE"]
[BlackTeamCountry "CZE"]

1. d4 Nf6 2. c4 e5 3. dxe5 Ng4 4. Nf3 Nc6 5. Bf4 Bb4+ 6. Nbd2 Qe7 7. e3 Ngxe5 8. Nxe5 Nxe5 9. Be2 Bd6 10. 0-0 Ng6 11. Bxd6 Qxd6 12. Qc2 Qe7 13. Rfd1 d6 14. Rac1 0-0 15. Nb1 Qg5 16. Rd5 f5 17. f4 Qe7 18. Qd2 Re8 19. Kf2 Qh4+ 20. Kg1 Qe7 21. Kf2 Qh4+ 22. Kg1 Qe7 1/2-1/2

[Event "Prague op-A 18th"]
[Site "Prague"]
[Date "2019.01.18"]
[Round "9"]
[White "Hradecky, Ivo"]
[Black "Mis, Mieszko"]
[Result "0-1"]
[WhiteElo "2107"]
[BlackElo "2242"]
[PlyCount "52"]
[EventDate "2019.01.11"]
[EventType "swiss"]
[EventRounds "9"]
[EventCountry "CZE"]
[SourceTitle "CBM 188 Extra"]
[Source "ChessBase"]
[SourceDate "2019.02.26"]
[SourceVersion "1"]
[SourceVersionDate "2019.02.26"]
[SourceQuality "1"]

1. d4 Nf6 2. c4 g6 3. Nc3 d5 4. cxd5 Nxd5 5. e4 Nxc3 6. bxc3 Bg7 7. Qa4+ Nd7 8. Nf3 0-0 9. Be2 c5 10. 0-0 a6 11. Bg5 b5 12. Qb3 Bb7 13. d5 Nf6 14. Qc2 Qb6 15. a4 e6 16. c4 exd5 17. exd5 b4 18. Nd2 Rae8 19. Bd3 Ng4 20. Rad1 Bc8 21. Bf4 Ne5 22. Nb3 Qd6 23. Kh1 Bd7 24. Qa2 h6 25. h3 Qf6 26. Be3 Bxh3 0-1

[Event "CZE-chT2A 1819"]
[Site "Czech Republic"]
[Date "2018.11.04"]
[Round "2.5"]
[White "Hradecky, Ivo"]
[Black "Dolansky, Lukas"]
[Result "1-0"]
[WhiteElo "2111"]
[BlackElo "2099"]
[PlyCount "49"]
[EventDate "2018.10.14"]
[EventType "team-tourn"]
[EventRounds "11"]
[EventCountry "CZE"]
[SourceTitle "EXT 2022"]
[Source "ChessBase"]
[SourceDate "2021.10.06"]
[SourceVersion "1"]
[SourceVersionDate "2021.10.06"]
[SourceQuality "1"]
[WhiteTeam "Vlasim"]
[BlackTeam "Tabor"]
[WhiteTeamCountry "CZE"]
[BlackTeamCountry "CZE"]

1. d4 d5 2. c4 e6 3. Nc3 Nf6 4. cxd5 exd5 5. Bg5 c6 6. Qc2 Be7 7. e3 0-0 8. Bd3 Nbd7 9. Nge2 Re8 10. 0-0 Nf8 11. f3 Nh5 12. Bxe7 Qxe7 13. e4 dxe4 14. fxe4 Ng6 15. e5 Nf8 16. Ne4 Rd8 17. h3 g6 18. Rf2 Be6 19. Raf1 Nd7 20. Qd2 Kh8 21. g4 Rg8 22. gxh5 Bxh3 23. Rxf7 Qe6 24. Rxh7+ Kxh7 25. Ng5+ 1-0

[Event "Pobeskydy op"]
[Site "Frydek Mistek"]
[Date "2018.03.31"]
[Round "6"]
[White "Hradecky, Ivo"]
[Black "Popovic, Martin"]
[Result "1-0"]
[WhiteElo "2097"]
[BlackElo "1867"]
[PlyCount "73"]
[EventDate "2018.03.29"]
[EventType "swiss"]
[EventRounds "9"]
[EventCountry "CZE"]
[SourceTitle "CBM 183 Extra"]
[Source "ChessBase"]
[SourceDate "2018.04.19"]
[SourceVersion "1"]
[SourceVersionDate "2018.04.19"]
[SourceQuality "1"]

1. d4 Nf6 2. c4 e6 3. Nc3 Bb4 4. e3 0-0 5. Nge2 b6 6. a3 Bxc3+ 7. Nxc3 Bb7 8. Bd3 d6 9. e4 Nbd7 10. 0-0 c5 11. d5 exd5 12. exd5 Ne5 13. Be2 Bc8 14. h3 Re8 15. f4 Ng6 16. Bd3 Bd7 17. Kh2 Qc8 18. Qc2 a6 19. a4 Rb8 20. g4 Bxg4 21. hxg4 Nxg4+ 22. Kg1 Ne3 23. Bxe3 Rxe3 24. Bf5 Qd8 25. Qf2 Qe7 26. Rae1 Rxe1 27. Rxe1 Qf6 28. Bxg6 Qxg6+ 29. Qg2 Qd3 30. Qe4 Qg3+ 31. Kf1 Qh3+ 32. Ke2 Qh5+ 33. Kd2 h6 34. Kc1 Qh2 35. Re2 Qh4 36. Kc2 h5 37. Qf5 1-0

[Event "CZE-chT2C 1718"]
[Site "Czech Republic"]
[Date "2017.12.03"]
[Round "4.6"]
[White "Koubova, Anna Marie"]
[Black "Hradecky, Ivo"]
[Result "0-1"]
[WhiteElo "1915"]
[BlackElo "2101"]
[PlyCount "50"]
[EventDate "2017.10.15"]
[EventType "team-tourn"]
[EventRounds "11"]
[EventCountry "CZE"]
[SourceTitle "EXT 2022"]
[Source "ChessBase"]
[SourceDate "2021.10.06"]
[SourceVersion "1"]
[SourceVersionDate "2021.10.06"]
[SourceQuality "1"]
[WhiteTeam "Unichess Vyletna"]
[BlackTeam "Vlasim"]
[WhiteTeamCountry "CZE"]
[BlackTeamCountry "CZE"]

1. d4 d5 2. Nf3 e6 3. c4 c6 4. g3 Bb4+ 5. Bd2 Be7 6. Bg2 Nf6 7. Qc2 0-0 8. 0-0 Nbd7 9. Bf4 b6 10. Nbd2 Nh5 11. Be3 f5 12. Nb1 Bb7 13. Bc1 Bd6 14. b3 Qe7 15. Nc3 Rac8 16. Bb2 Nhf6 17. Nd2 Ba6 18. f3 c5 19. dxc5 Bxc5+ 20. Kh1 f4 21. a3 fxg3 22. h3 Be3 23. a4 Nh5 24. Qd3 Qg5 25. Bc1 Nc5 0-1

[Event "CZE-chT2C 1718"]
[Site "Czech Republic"]
[Date "2017.11.05"]
[Round "2.8"]
[White "Hradecky, Ivo"]
[Black "Vystrcil, Martin"]
[Result "1/2-1/2"]
[WhiteElo "2101"]
[BlackElo "1987"]
[PlyCount "60"]
[EventDate "2017.10.15"]
[EventType "team-tourn"]
[EventRounds "11"]
[EventCountry "CZE"]
[SourceTitle "EXT 2022"]
[Source "ChessBase"]
[SourceDate "2021.10.06"]
[SourceVersion "1"]
[SourceVersionDate "2021.10.06"]
[SourceQuality "1"]
[WhiteTeam "Vlasim"]
[BlackTeam "Ricany"]
[WhiteTeamCountry "CZE"]
[BlackTeamCountry "CZE"]

1. d4 Nf6 2. c4 g6 3. Nc3 Bg7 4. e4 d6 5. Be2 0-0 6. Bg5 h6 7. Be3 Nbd7 8. Qd2 Kh7 9. h4 e5 10. d5 Nc5 11. f3 a5 12. g4 Bd7 13. h5 g5 14. Nh3 Kg8 15. Nf2 b6 16. 0-0 Qc8 17. Kg2 Qb7 18. Rab1 Rfb8 19. b3 Ne8 20. Rfd1 f6 21. Nd3 Bf8 22. Qc2 Ra7 23. a3 Rba8 24. Nb5 Bxb5 25. cxb5 a4 26. b4 Nxd3 27. Rxd3 Be7 28. Rc3 Qb8 29. Rc6 Qd8 30. Rc1 Qd7 1/2-1/2

[Event "Stare Mesto op"]
[Site "Stare Mesto"]
[Date "2017.08.19"]
[Round "10"]
[White "Hradecky, Ivo"]
[Black "Mandak, Miroslav"]
[Result "1-0"]
[WhiteElo "2062"]
[BlackElo "1986"]
[PlyCount "65"]
[EventDate "2017.08.11"]
[EventType "swiss"]
[EventRounds "10"]
[EventCountry "CZE"]
[SourceTitle "CBM 180 Extra"]
[Source "ChessBase"]
[SourceDate "2017.10.06"]
[SourceVersion "1"]
[SourceVersionDate "2017.10.06"]
[SourceQuality "1"]

1. d4 Nf6 2. c4 e6 3. Nc3 Bb4 4. e3 d5 5. a3 Bxc3+ 6. bxc3 0-0 7. cxd5 exd5 8. Bd3 c5 9. Ne2 b6 10. 0-0 Re8 11. f3 Ba6 12. Ng3 Bxd3 13. Qxd3 h6 14. e4 cxd4 15. cxd4 Nc6 16. e5 Nh7 17. f4 f6 18. Nf5 Rf8 19. Qg3 g5 20. Nxh6+ Kg7 21. Nf5+ Kh8 22. fxg5 fxg5 23. Be3 Qd7 24. Qh3 Rg8 25. Rf2 Raf8 26. Raf1 Nd8 27. Qh5 Ne6 28. Nd6 Nf4 29. Bxf4 gxf4 30. Rxf4 Qg7 31. g3 Rxf4 32. Rxf4 Qg5 33. Nf7+ 1-0

[Event "Stare Mesto op"]
[Site "Stare Mesto"]
[Date "2017.08.13"]
[Round "3"]
[White "Kubos, Rostislav"]
[Black "Hradecky, Ivo"]
[Result "1/2-1/2"]
[WhiteElo "2195"]
[BlackElo "2062"]
[PlyCount "67"]
[EventDate "2017.08.11"]
[EventType "swiss"]
[EventRounds "10"]
[EventCountry "CZE"]
[SourceTitle "CBM 180 Extra"]
[Source "ChessBase"]
[SourceDate "2017.10.06"]
[SourceVersion "1"]
[SourceVersionDate "2017.10.06"]
[SourceQuality "1"]

1. d4 d5 2. Nf3 e6 3. g3 Nf6 4. Bg2 c6 5. 0-0 Be7 6. Nbd2 0-0 7. c3 Nbd7 8. Re1 b6 9. Ne5 Nxe5 10. dxe5 Ng4 11. e4 Nxe5 12. exd5 Nd3 13. dxc6 Nxe1 14. Qxe1 Ba6 15. a4 Bd3 16. Nf1 Rc8 17. Bf4 Qe8 18. Qd1 Bxf1 19. Qxf1 Rxc6 20. Bxc6 Qxc6 21. Qb5 Qf3 22. Be3 h5 23. h4 Rd8 24. Qf1 Rd5 25. Re1 Qg4 26. c4 Ra5 27. b3 Bxh4 28. Qg2 Bf6 29. c5 bxc5 30. Bd2 Ra6 31. Qa8+ Kh7 32. Bf4 Bd4 33. Qb7 Rb6 34. Qxf7 1/2-1/2

[Event "CZE-chT2C 1617"]
[Site "Czech Republic"]
[Date "2017.01.29"]
[Round "7.7"]
[White "Hradecky, Ivo"]
[Black "Mazanek, David"]
[Result "1-0"]
[WhiteElo "2065"]
[BlackElo "1898"]
[PlyCount "83"]
[EventDate "2016.10.09"]
[EventType "team-tourn"]
[EventRounds "11"]
[EventCountry "CZE"]
[SourceTitle "EXT 2022"]
[Source "ChessBase"]
[SourceDate "2021.10.06"]
[SourceVersion "1"]
[SourceVersionDate "2021.10.06"]
[SourceQuality "1"]
[WhiteTeam "Vlasim"]
[BlackTeam "Lysa nad Labem III"]
[WhiteTeamCountry "CZE"]
[BlackTeamCountry "CZE"]

1. d4 f5 2. e4 e6 3. exf5 exf5 4. Bd3 d5 5. Nf3 Nf6 6. 0-0 Be7 7. c4 c6 8. Qc2 Ne4 9. Nc3 0-0 10. b3 Na6 11. a3 Nc7 12. Bf4 Ne6 13. Be5 N6g5 14. Nxg5 Bxg5 15. cxd5 Nxc3 16. Qxc3 cxd5 17. f4 Be7 18. Bc7 Qd7 19. Rfe1 Rf7 20. Re2 Bd6 21. Bxd6 Qxd6 22. Qc5 Qxc5 23. dxc5 Bd7 24. Re5 g6 25. Rxd5 Bc6 26. Rd6 Kg7 27. Re1 Re8 28. Rxe8 Bxe8 29. Kf2 Bc6 30. b4 a6 31. g3 Re7 32. Bxa6 Be4 33. Bd3 Bh1 34. a4 Rc7 35. Ke3 Kf7 36. Kd4 Re7 37. b5 Rc7 38. a5 Ke7 39. b6 Rc8 40. a6 bxa6 41. Bxa6 Rb8 42. Bb5 1-0

[Event "Ricany op"]
[Site "Ricany"]
[Date "2016.09.03"]
[Round "9"]
[White "Grecny, Karol"]
[Black "Hradecky, Ivo"]
[Result "1-0"]
[WhiteElo "1934"]
[BlackElo "2051"]
[PlyCount "35"]
[EventDate "2016.08.27"]
[EventType "swiss"]
[EventRounds "9"]
[EventCountry "CZE"]
[SourceTitle "CBM 174 Extra"]
[Source "ChessBase"]
[SourceDate "2016.10.10"]
[SourceVersion "1"]
[SourceVersionDate "2016.10.10"]
[SourceQuality "1"]

1. e4 c5 2. Nf3 d6 3. Be2 Nc6 4. d3 g6 5. 0-0 Bg7 6. c3 e5 7. Nbd2 Nge7 8. Nc4 0-0 9. Ne3 d5 10. exd5 Nxd5 11. Nxd5 Qxd5 12. Qb3 Qxb3 13. axb3 Be6 14. Nd2 Rfd8 15. Nc4 b6 16. Bf3 Bd5 17. Bxd5 Rxd5 18. Nxb6 1-0

[Event "CZE-chT2C 1516"]
[Site "Czech Republic"]
[Date "2016.01.24"]
[Round "6.5"]
[White "Hradecky, Ivo"]
[Black "Daniel, Jiri"]
[Result "1-0"]
[WhiteElo "2057"]
[BlackElo "1915"]
[PlyCount "81"]
[EventDate "2015.10.18"]
[EventType "team-tourn"]
[EventRounds "11"]
[EventCountry "CZE"]
[SourceTitle "EXT 2022"]
[Source "ChessBase"]
[SourceDate "2021.10.06"]
[SourceVersion "1"]
[SourceVersionDate "2021.10.06"]
[SourceQuality "1"]
[WhiteTeam "Svetla nad Sazavou"]
[BlackTeam "Lysa nad Labem IV"]
[WhiteTeamCountry "CZE"]
[BlackTeamCountry "CZE"]

1. d4 d5 2. c4 e6 3. Nc3 Nf6 4. cxd5 exd5 5. Bg5 Be7 6. e3 c6 7. Bd3 0-0 8. Qc2 h6 9. Bf4 Be6 10. Nge2 Nbd7 11. 0-0 Nh5 12. a3 a6 13. h3 Re8 14. Bh2 Nf8 15. Na4 Bd6 16. Bxd6 Qxd6 17. Nc5 Rab8 18. b4 Nf6 19. Rfc1 Bd7 20. Rab1 Ne6 21. Nxe6 Qxe6 22. Nc3 Qe7 23. Na4 Ne4 24. Bxe4 dxe4 25. Nc5 f5 26. a4 Be6 27. b5 axb5 28. axb5 Bd5 29. Rb2 Ra8 30. Rcb1 Ra3 31. bxc6 bxc6 32. g3 Qa7 33. Rb7 Qa5 34. Qd1 g6 35. Nd7 Ra8 36. Ne5 c5 37. R7b5 Qa6 38. Rb6 Qa5 39. Rxg6+ Kf8 40. Qh5 Ra1 41. Qxh6+ 1-0

[Event "CZE-chT2C 1516"]
[Site "Czech Republic"]
[Date "2015.11.22"]
[Round "3.5"]
[White "Hradecky, Ivo"]
[Black "Rehak, Martin"]
[Result "0-1"]
[WhiteElo "2057"]
[BlackElo "2088"]
[PlyCount "62"]
[EventDate "2015.10.18"]
[EventType "team-tourn"]
[EventRounds "11"]
[EventCountry "CZE"]
[SourceTitle "EXT 2022"]
[Source "ChessBase"]
[SourceDate "2021.10.06"]
[SourceVersion "1"]
[SourceVersionDate "2021.10.06"]
[SourceQuality "1"]
[WhiteTeam "Svetla nad Sazavou"]
[BlackTeam "Praha Vrsovice"]
[WhiteTeamCountry "CZE"]
[BlackTeamCountry "CZE"]

1. d4 Nf6 2. c4 g6 3. Nc3 Bg7 4. e4 d6 5. Be2 0-0 6. Bg5 c5 7. d5 b5 8. cxb5 a6 9. bxa6 Bxa6 10. Nf3 Qb6 11. Bxa6 Qxb2 12. Rb1 Qxc3+ 13. Bd2 Qa3 14. Bc4 Nxe4 15. 0-0 Nxd2 16. Qxd2 Nd7 17. Qe2 Bf6 18. g4 h6 19. Kg2 Rfb8 20. h4 Ne5 21. Nxe5 Bxe5 22. f4 Rxb1 23. Rxb1 Bxf4 24. Rb3 Qc1 25. Rf3 Ra4 26. Bb3 Rd4 27. Qxe7 Rd2+ 28. Rf2 Rxf2+ 29. Kxf2 Be5 30. Qe8+ Kg7 31. Qa4 Qd2+ 0-1